50 pays avec le plus gros PIB - Statistiques

Statistiques générales
  • Ce quiz a été pris 70 fois
  • Le résultat moyen est 32 sur 50
Statistiques - réponses
Rang PIB (en milliards de dollars internationaux) Pays % Correct
1 25 270,07 Chine
97%
2 20 494,05 États-Unis
92%
3 10 505,29 Inde
87%
6 4 356,35 Allemagne
84%
4 5 450,25 Japon
84%
7 4 213,40 Russie
84%
5 4 830,98 Brésil
79%
15 1 864,42 Espagne
79%
10 2 962,80 France
79%
12 2 397,40 Italie
76%
17 1 836,82 Canada
75%
11 2 569,81 Mexique
75%
9 3 037,79 Royaume-Uni
75%
14 2 136,32 Corée du Sud
73%
20 1 318,15 Australie
71%
8 3 494,74 Indonésie
71%
13 2 292,51 Turquie
71%
18 1 610,68 Iran
70%
16 1 857,53 Arabie Saoudite
68%
29 915,13 Argentine
68%
23 1 212,93 Pologne
68%
21 1 296,29 Égypte
67%
39 548,48 Suisse
67%
30 789,42 Afrique du Sud
65%
47 395,87 Norvège
63%
27 969,23 Pays-Bas
63%
36 657,46 Algérie
62%
40 542,04 Suède
62%
19 1 320,36 Thaïlande
62%
34 710,31 Vietnam
62%
32 744,70 Colombie
60%
25 1 141,40 Pakistan
59%
38 550,50 Belgique
57%
44 463,22 Autriche
56%
43 481,76 Chili
56%
24 1 168,52 Nigeria
56%
48 390,34 Ukraine
52%
31 761,70 Bangladesh
51%
49 385,85 Irlande
51%
45 457,48 Pérou
51%
41 516,34 Roumanie
51%
33 723,68 Émirats arabes unis
49%
26 999,40 Malaisie
48%
22 1 251,49 Taïwan
48%
50 371,52 Venezuela
48%
46 395,87 République Tchèque
46%
35 673,25 Irak
44%
28 952,57 Philippines
43%
42 508,64 Kazakhstan
40%
37 565,81 Singapour
38%
Aucun quiz correspondant
Distribution des résultats
% des personnes avec chaque résultat
Percentile par nombre de réponses
Votre historique - résultats
Vous n’avez pas pris ce quiz